000 00663nam a2200229 a 4500
999 _c3719
_d3719
001 3719
003 BD-JhCC
005 20171123104508.0
008 171116s1976 bg |||| |||| 000 0 ben d
035 _a(BD-JhCC)3719
040 _aBD-JhCC
_dBD-JhCC
041 _aben
082 _a491.44321
_bPRA 1976
245 _aপ্রশাসনিক পরিভাষা /
_cবাংলা একাডেমী.
260 _aঢাকা :
_bবাংলা একাডেমী,
_c1976.
300 _a283 p. :
_c22 cm.
650 _aBengali Language.
650 _aAdministrative Terms.
710 _aBengla Academy.
942 _2ddc
_cREF